Posesiones españolas en el África Occidental (Record no. 153561)

MARC details
000 -LEADER
campo de control de longitud fija 00914nam a2200217 i 4500
001 - NÚMERO DE CONTROL
campo de control 153561
003 - IDENTIFICADOR DE NÚMERO DE CONTROL
campo de control ES-MaACL
005 - FECHA Y HORA DE LA ÚLTIMA TRANSACCIÓN
campo de control 20230906205302.0
008 - DATOS DE LONGITUD FIJA--INFORMACIÓN GENERAL
campo de control de longitud fija 990903s1900 sp b |||| | spa d
100 1# - ENTRADA PRINCIPAL--NOMBRE DE PERSONA
Nombre de persona López Vilches, Eladio.
9 (RLIN) 74026
245 10 - MENCIÓN DEL TÍTULO
Título Posesiones españolas en el África Occidental
Resto del título : Fernando Poo, Corisco, Los Elobeyes, Annobón, La Guinea española, El Sáhara español ... /
Mención de responsabilidad, etc. por dos oficiales del Ejército [Eladio L. Vilches y Manuel Nieves].
260 ## - PUBLICACIÓN, DISTRIBUCIÓN, ETC.
Lugar de publicación, distribución, etc. Madrid :
Nombre del editor, distribuidor, etc. [s.n.],
Fecha de publicación, distribución, etc. 1900 (
Fabricante Imp. y Litografía del Depósito de la Guerra)
300 ## - DESCRIPCIÓN FÍSICA
Extensión VII, 112 p., [2] h. pleg. de mapas ;
Dimensiones 19 cm.
510 4# - NOTA DE CITAS O REFERENCIAS BIBLIOGRÁFICAS
Nombre de la fuente Palau,
Localización dentro de la fuente 233941
597 ## - NOTA DE DESCRIPCIÓN FÍSICA
NOTA DE DESCRIPCIÓN FÍSICA Antep.
599 ## - NOTA A LAS ILUSTRACIONES
NOTA A LAS ILUSTRACIONES Mapas del Sahara y de Guinea española.
651 #4 - PUNTO DE ACCESO ADICIONAL DE MATERIA--NOMBRE GEOGRÁFICO
Nombre geográfico Sahara occidental-
Subdivisión general Descripción.
9 (RLIN) 136844
651 #4 - PUNTO DE ACCESO ADICIONAL DE MATERIA--NOMBRE GEOGRÁFICO
Nombre geográfico Guinea Ecuatorial-
Subdivisión general Descripción.
9 (RLIN) 8807
700 1# - ENTRADA AGREGADA--NOMBRE PERSONAL
Nombre de persona Nieves Coso, Manuel.
9 (RLIN) 165650
852 ## - LOCALIZACIÓN
Ubicación ES-MaACL
Número de control de estantería D-689
Holdings
Estatus retirado Estado de pérdida Estado de daño No para préstamo Colección Biblioteca de origen Biblioteca actual Ubicación en estantería Fecha de adquisición Fuente de adquisición Total de préstamos Signatura topográfica completa Código de barras Visto por última vez Precio de reemplazo Tipo de ítem Koha
        Libros del s. XIX Biblioteca del Ateneo de Madrid Biblioteca del Ateneo de Madrid Sala Valle Inclán 17/01/2008     D-689 901160527 23/02/2023 23/02/2023 Libro impreso antiguo